[Event "Bhubaneswar Pillai Memorial"]
[Site "Bhubaneswar"]
[Date "2016.11.22"]
[Round "6"]
[White "Sahoo, Dasharathi"]
[Black "Manikandaswamy, Sivagnanam"]
[Result "0-1"]
[WhiteElo "1674"]
[BlackElo "2141"]
[PlyCount "106"]
[EventDate "2016.11.20"]
[EventType "swiss"]
[EventRounds "11"]
[EventCountry "IND"]
[SourceTitle "CBM 175 Extra"]
[Source "ChessBase"]
[SourceDate "2016.12.12"]
[SourceVersion "1"]
[SourceVersionDate "2016.12.12"]
[SourceQuality "1"]

1. e4 c5 2. Nf3 e6 3. d4 cxd4 4. Nxd4 a6 5. Nc3 Qc7 6. Bd3 b5 7. 0-0 Nf6 8. Kh1 Bb7 9. Qe2 d6 10. f4 Nbd7 11. Re1 b4 12. Nd1 Nc5 13. Nf2 g6 14. Bd2 e5 15. Nf3 Bg7 16. fxe5 dxe5 17. Bxb4 0-0 18. Qe3 Ne6 19. Bxf8 Bxf8 20. Nh3 Ng4 21. Qe2 h5 22. Bc4 Nd4 23. Nxd4 exd4 24. g3 Re8 25. Ng5 Kg7 26. Kg1 d3 27. Bxd3 Qc5+ 28. Kg2 Qxg5 29. h3 Nf6 30. Qf3 Bd6 31. Re2 h4 32. g4 Nh5 33. Rf1 Re7 34. Ref2 Bc5 35. Re2 Ng3 36. Rfe1 Nxe2 37. Rxe2 Qc1 38. Qf1 Qxb2 39. Qe1 Qe5 40. Qxh4 Bd6 41. Kh1 Qf4 42. Qe1 Rxe4 43. Bxe4 Bxe4+ 44. Kg1 Bc5+ 45. Rf2 Qg3+ 46. Kf1 Qxh3+ 47. Ke2 Qe3+ 48. Kf1 Qxe1+ 49. Kxe1 Bxf2+ 50. Kxf2 Bxc2 51. Ke3 Kf6 52. Kf4 g5+ 53. Ke3 Bd1 0-1

[Event "Bhubaneswar Pillai Memorial"]
[Site "Bhubaneswar"]
[Date "2016.11.21"]
[Round "4"]
[White "Nayak, Rajesh"]
[Black "Sahoo, Dasharathi"]
[Result "1-0"]
[WhiteElo "2044"]
[BlackElo "1674"]
[PlyCount "113"]
[EventDate "2016.11.20"]
[EventType "swiss"]
[EventRounds "11"]
[EventCountry "IND"]
[SourceTitle "CBM 175 Extra"]
[Source "ChessBase"]
[SourceDate "2016.12.12"]
[SourceVersion "1"]
[SourceVersionDate "2016.12.12"]
[SourceQuality "1"]

1. e4 c5 2. Nf3 d6 3. d4 cxd4 4. Nxd4 Nf6 5. Nc3 a6 6. Bg5 e6 7. Qe2 Nbd7 8. f4 Qc7 9. 0-0-0 b5 10. a3 Bb7 11. g4 Be7 12. Rg1 Nc5 13. Bxf6 gxf6 14. f5 e5 15. Nb3 0-0-0 16. Kb1 Kb8 17. Rg3 Na4 18. Nxa4 bxa4 19. Nc1 Rc8 20. Na2 Qb6 21. Nc3 Qa5 22. Nd5 Bxd5 23. Rxd5 Rc5 24. Rxc5 dxc5 25. Qxa6 Qxa6 26. Bxa6 Rd8 27. Rd3 Rd4 28. Rxd4 exd4 29. Bb5 Kc7 30. Bxa4 Kd6 31. Bb3 Ke5 32. Bd5 Bd8 33. Ka2 Kf4 34. h3 Kg3 35. Bxf7 Kxh3 36. Bh5 c4 37. b3 c3 38. b4 Kg3 39. Kb3 Kf4 40. a4 Kxe4 41. a5 h6 42. Bf7 Ke3 43. Bc4 Kf3 44. Ka4 Kxg4 45. Kb5 Bc7 46. Kc6 Bb8 47. Kb7 Be5 48. Bd3 h5 49. a6 h4 50. a7 h3 51. a8Q h2 52. Ka6 Kg3 53. Qh1 Kf2 54. b5 Ke3 55. b6 Bb8 56. Kb7 Be5 57. Kc8 1-0